Cristo Rey o Jesucristo y nuestro siglo / (Record no. 146529)

MARC details
000 -LEADER
campo de control de longitud fija 00891nam a2200253 i 4500
001 - NÚMERO DE CONTROL
campo de control 146529
003 - IDENTIFICADOR DE NÚMERO DE CONTROL
campo de control ES-MaACL
005 - FECHA Y HORA DE LA ÚLTIMA TRANSACCIÓN
campo de control 20250828090944.0
007 - CAMPO FIJO DE DESCRIPCIÓN FÍSICA--INFORMACIÓN GENERAL
campo de control de longitud fija t|
008 - DATOS DE LONGITUD FIJA--INFORMACIÓN GENERAL
campo de control de longitud fija 070910s1939 sp ||||1| spa d
080 ## - NÚMERO DE LA CLASIFICACIÓN DECIMAL UNIVERSAL
Número de la Clasificación Decimal Universal 232.38
100 1# - ENTRADA PRINCIPAL--NOMBRE DE PERSONA
Nombre de persona Tóth, Tihamér.
9 (RLIN) 111109
245 10 - MENCIÓN DEL TÍTULO
Título Cristo Rey o Jesucristo y nuestro siglo /
Mención de responsabilidad, etc. Monseñor Tihamér Tóth, obispo coadjutor de Veszprém (Hungría) ; [traducido del original húngaro por D. Antonio Sancho].
250 ## - MENCION DE EDICION
Mención de edición 2ª ed.
260 ## - PUBLICACIÓN, DISTRIBUCIÓN, ETC.
Lugar de publicación, distribución, etc. Madrid :
Nombre del editor, distribuidor, etc. Sociedad de Educación Atenas,
Fecha de publicación, distribución, etc. 1939.
300 ## - DESCRIPCIÓN FÍSICA
Extensión 326 p. ;
Dimensiones 25 cm.
490 1# - MENCIÓN DE SERIE
Mención de serie Razonemos nuestra fe ;
Designación de volumen o secuencia 7
600 04 - PUNTO DE ACCESO ADICIONAL DE MATERIA--NOMBRE DE PERSONA
Nombre de persona Jesucristo-
Subdivisión general Realeza.
9 (RLIN) 66378
700 1# - ENTRADA AGREGADA--NOMBRE PERSONAL
Nombre de persona Sancho Nebot, Antonio,
Fechas asociadas al nombre 1884-1961
9 (RLIN) 103048
710 2# - ENTRADA AGREGADA--NOMBRE DE ENTIDAD CORPORATIVA
Nombre de entidad corporativa o nombre de jurisdicción como elemento de entrada Sociedad de Educación Atenas
9 (RLIN) 6665
830 1# - PUNTO DE ACCESO ADICIONAL DE SERIE-TÍTULO UNIFORME
Título uniforme Razonemos nuestra fe ;
Designación de volumen o secuencia 7
9 (RLIN) 182561
852 ## - LOCALIZACIÓN
Ubicación ES-MaACL
Número de control de estantería F-15455
Holdings
Estatus retirado Estado de pérdida Estado de daño No para préstamo Biblioteca de origen Biblioteca actual Ubicación en estantería Fecha de adquisición Fuente de adquisición Total de préstamos Signatura topográfica completa Código de barras Visto por última vez Precio de reemplazo Tipo de ítem Koha
        Biblioteca del Ateneo de Madrid Biblioteca del Ateneo de Madrid Sala Pecera Planta 2 17/01/2008     F-15455 1152936 23/02/2023 23/02/2023 Libro impreso